000 00542nam a22001817a 4500
005 20240307160136.0
008 240307b |||||||| |||| 00| 0 eng d
020 _a9780702049484
082 _a616.31
_bSCU-O
100 _aScully, Crispian
245 _aOral and Maxillofacial Medicine :
_bthe basis of diagnosis and treatment /
_cCrispian Scully
250 _a3rd ed .
260 _aChina :
_bElsevier ;
_c2013 .
300 _axi , 435 p. :
_bill ;
_c28 cm .
500 _ainclude index .
650 _aMedical / Dentistry
999 _c35284
_d35284